000
00288nam a2200133Ia 4500
100
_a
Siskind charles S
650
_a
Electrical
942
_c
BK
654
_a
electrical
245
_a
Electrical machines
260
_b
Mc Graw Hill
_a
Auckland
_c
1966
300
_a
563
546
_a
ENGLISH
999
_c
33886
_d
33886